Nuevas fórmulas para el cálculo de las líneas eléctricas / (Registro nro. 151032)

Detalles MARC
000 -LEADER
campo de control de longitud fija 00544nam a2200169 i 4500
001 - NÚMERO DE CONTROL
campo de control 151032
003 - IDENTIFICADOR DE NÚMERO DE CONTROL
campo de control ES-MaACL
005 - FECHA Y HORA DE LA ÚLTIMA TRANSACCIÓN
campo de control 20230906203816.0
007 - CAMPO FIJO DE DESCRIPCIÓN FÍSICA--INFORMACIÓN GENERAL
campo de control de longitud fija t|
008 - DATOS DE LONGITUD FIJA--INFORMACIÓN GENERAL
campo de control de longitud fija 071130q19001950sp ||||1| spa d
100 1# - ENTRADA PRINCIPAL--NOMBRE DE PERSONA
Nombre de persona Apraiz y Arias, Félix.
9 (RLIN) 22125
245 10 - MENCIÓN DEL TÍTULO
Título Nuevas fórmulas para el cálculo de las líneas eléctricas /
Mención de responsabilidad, etc. por Félix Apráiz Arias.
260 ## - PUBLICACIÓN, DISTRIBUCIÓN, ETC.
Lugar de publicación, distribución, etc. Madrid :
Nombre del editor, distribuidor, etc. [s.n.,
Fecha de publicación, distribución, etc. 19--?]
300 ## - DESCRIPCIÓN FÍSICA
Extensión 8 p. ;
Dimensiones 24 cm.
500 ## - NOTA GENERAL
Nota general Publicado en la revista: "Las Ciencias", de Madrid, año VII, nº 4.
852 ## - LOCALIZACIÓN
Ubicación ES-MaACL
Número de control de estantería 1841-F-15
Existencias
Estatus retirado Estado de pérdida Estado de daño No para préstamo Colección Biblioteca de origen Biblioteca actual Ubicación en estantería Fecha de adquisición Fuente de adquisición Total de préstamos Signatura topográfica completa Código de barras Visto por última vez Precio de reemplazo Tipo de ítem Koha
        Colección de folletos Biblioteca del Ateneo de Madrid Biblioteca del Ateneo de Madrid Depósito folletos 17/01/2008     1841-F-15 1157598 23/02/2023 23/02/2023 Folleto